000 00922nam a2200265Ia 4500
003 OSt
005 20221005111251.0
006 a|||||r|||| 00| 0
007 ta
008 221004b |||||||| |||| 00| 0 hin d
020 _a8181431162 (hbk)
_c125
024 _a97683
037 _b571, 23/03/2009, Vani Prakashan
_cTextual
040 _aCRL
_cCRL
_bhin
041 _2hin
_ahin
082 _aY72.273JH, 152P4
100 _aगुप्ता, रमणिका
245 0 _aनिज घरे परदेसी
246 _aNij ghare paradesī
260 _aनई दिल्ली
_bवाणी प्रकाशन भारत
_c2004
300 _a106पृ0
_ccm.
650 _aभारतीय-लोक साहित्य
942 _hY72.273JH, 152P4
_cTEXL
_2cc
999 _c1021312
_d1021312